| 000 | 01742cam a2200169 4500500 | ||
|---|---|---|---|
| 005 | 20260426010552.0 | ||
| 041 | _afre | ||
| 042 | _adc | ||
| 100 | 1 | 0 |
_aSugimura, Yasuhiko _eauthor |
| 245 | 0 | 0 | _aPour une philosophie du témoignage : Ricœur et Heidegger autour de l'idée d'« attestation » (Bezeugung) |
| 260 | _c2005. | ||
| 500 | _a23 | ||
| 520 | _aQui vient après le sujet ? Par cette question, Yasuhiko Sugimura* confronte Ricœur et Heidegger à partir de l’hypothèse qu’une analyse régressive de la question « qui ? » contribue au renouvellement de la question de Dieu. À la différence de l’attestation heideggérienne ( Bezeugung), qui tient au « pouvoir-mourir », l’attestation chez Ricœur tient à un « demeurer vivant jusqu’à... » capable de faire le deuil et aussi de se souvenir de ceux qui ont été. L’attestation de soi de Ricœur se confond avec l’acte de témoigner du témoignage des autres mortels. | ||
| 520 | _a“Who” comes after the subject ? Through this question Yasuhiko Sugimura confronts Ricœur and Heidegger, his starting-point being that a regressive analysis of the question “Who ?” can help to the renewal of the question of God. If the Heideggerian attestation ( Bezeugung) has to do with a “having-to-die”, Ricœur holds a “staying-alive-until...” which allows full grieving and remembering those who are dead. Ricœur’s attestation of the self merges with the act of bearing witness to other mortals’ testimony. | ||
| 786 | 0 | _nÉtudes théologiques et religieuses | 80 | 4 | 2005-12-01 | p. 483-498 | 0014-2239 | |
| 856 | 4 | 1 | _uhttps://shs.cairn.info/revue-etudes-theologiques-et-religieuses-2005-4-page-483?lang=fr&redirect-ssocas=7080 |
| 999 |
_c2222537 _d2222537 |
||